| 000 | 01218nam0a22002771 4500 | ||
|---|---|---|---|
| 001 | rc\51484 | ||
| 005 | 20260406131533.0 | ||
| 035 | _a(NLR Aleph) 005330066 | ||
| 090 |
_a6581739 _c6581739 |
||
| 100 | _a20021216d1993 |||y0rusy50 ca | ||
| 101 | 0 | _arus | |
| 102 | _aRU | ||
| 105 | _aa ||||||||| | ||
| 200 | 1 |
_aОБЕСПЕЧЕНИЕ безопасности жизнедеятельности в условиях современных предприятий _eТез. докл. Междунар. науч.-практ. конф. _f[Редкол.: А.И. Сидоров, к. т. н., доц. (отв. ред.) и др.] |
|
| 210 |
_aЧелябинск _cЧГТУ _d1993 |
||
| 215 |
_a69 с. _cил. _d20 |
||
| 300 | _aВ надзаг.: Челяб. гос. техн. ун-т | ||
| 320 | _aБиблиогр.: с. 48 | ||
| 702 | 1 |
_4340 _7ca _8rus _aСидоров _bА. И. _cд-р техн. наук _f1948- _gАлександр Иванович _9112477 _3RU\NLR\AUTH\772465 |
|
| 712 | 0 | 2 |
_aЧелябинский технический университет _9318506 _3RU\NLR\AUTH\8822140 |
| 801 | 0 |
_aRU _bNLR _gpsbo |
|
| 801 | 1 |
_aRU _bELAR _2rusmarc |
|
| 852 |
_aNLR _j93-4/1314 |
||
| 942 | _cBOOK | ||
| 980 | _aNB | ||